ACM IEEE 21st Design Automation Conference proceedings '84, Albuquerque, New Mexico, Convention Center, June 25-27, 1984 /

Bibliographic Details
Corporate Authors: Design Automation Conference Albuquerque, N.M., ACM Special Interest Group on Design Automation, IEEE Computer Society. Design Automation Technical Committee
Format: Conference Proceeding Book
Language:English
Published: [Silver Spring, Md.] : IEEE Computer Society Press, [1984]
Subjects:

MARC

Tag First Indicator Second Indicator Subfields
LEADER 00000cam a2200000 a 4500
001 in00000547921
005 20151014051459.0
008 840917s1984 mdua b 10110 eng d
010 |a  84080918  
020 |a 0818605421 
035 |a (OCoLC)11162329 
035 |9 ACJ4593AM 
040 |a LHL  |c LHL  |d OCL  |d CLU  |d TXA  |d UtOrBLW 
049 |a TXAM  |c [A08274309] 
090 |a TA174  |b .D45 1984 
111 2 |a Design Automation Conference  |n (21st :  |d 1984 :  |c Albuquerque, N.M.) 
245 1 0 |a ACM IEEE 21st Design Automation Conference proceedings '84, Albuquerque, New Mexico, Convention Center, June 25-27, 1984 /  |c [sponsored by] ACM SIGDA, IEEE Computer Society DATC. 
264 1 |a [Silver Spring, Md.] :  |b IEEE Computer Society Press,  |c [1984] 
264 4 |c ©1984 
300 |a xx, 716 pages :  |b illustrations ;  |c 28 cm. 
336 |a text  |b txt  |2 rdacontent 
337 |a unmediated  |b n  |2 rdamedia 
338 |a volume  |b nc  |2 rdacarrier 
500 |a "IEEE catalog number 84CH2049-5." 
500 |a Cover title: IEEE 1984 Design Automation Conference. 
504 |a Includes bibliographical references and index. 
650 0 |a Engineering design  |x Data processing  |v Congresses. 
710 2 |a ACM Special Interest Group on Design Automation. 
710 2 |a IEEE Computer Society.  |b Design Automation Technical Committee. 
740 0 |a Cover title: IEEE 1984 Design Automation Conference. 
999 |a MARS 
999 f f |s 6161dbf9-81a6-3374-b09b-78b662ba162e  |i 8f4b64a9-303e-38a1-bb6b-6f1c37b9ceb8  |t 0 
952 f f |p ric  |a Texas A&M University  |b Rellis Campus  |c Joint Library Facility  |d Remote Storage  |t 0  |e TA174 .D45 1984  |h Library of Congress classification  |i unmediated -- volume  |m A14808274309 
998 f f |a TA174 .D45 1984  |t 0  |l Remote Storage